Ross and Wilson anatomy and physiology in health and iIIness / (Record no. 79560)
[ view plain ]
| 000 -LEADER | |
|---|---|
| fixed length control field | 00572nam a22001697a 4500 |
| 005 - DATE AND TIME OF LATEST TRANSACTION | |
| control field | 20131015153003.0 |
| 010 ## - LCCN (DPL NO) | |
| LC control number | B-527663 |
| 020 ## - INTERNATIONAL STANDARD BOOK NUMBER | |
| International Standard Book Number | 9780702032271 |
| Terms of availability | 1293.00 |
| 035 ## - SYSTEM CONTROL NUMBER | |
| System control number | B-527663 |
| 037 ## - SOURCE OF ACQUISITION | |
| Stock number | RP/Karol Bagh |
| 082 ## - DEWEY DECIMAL CLASSIFICATION NUMBER | |
| Classification number | 612 |
| 100 ## - MAIN ENTRY--PERSONAL NAME | |
| Personal name | Waugh,Anne |
| 245 ## - TITLE STATEMENT | |
| Title | Ross and Wilson anatomy and physiology in health and iIIness / |
| Statement of responsibility, etc | by Anne Waugh and Allison Grant |
| 300 ## - PHYSICAL DESCRIPTION | |
| Extent | 495p. |
| Other physical details | 27cm(pbk) |
| Dimensions | ill. |
| 942 ## - ADDED ENTRY ELEMENTS (KOHA) | |
| Source of classification or shelving scheme | Dewey Decimal Classification |
| Item type | English Books |
| Classification part | 612 |
| Call number suffix | WAU |
| Withdrawn status | Lost status | Not for loan | Collection code | Home library | Current library | Date acquired | Source of acquisition | Cost, normal purchase price | Full call number | Barcode | Copy number | Cost, replacement price | Koha item type |
|---|---|---|---|---|---|---|---|---|---|---|---|---|---|
| Non-fiction | Karol Bagh | Karol Bagh | 23/09/2013 | Mallika Books/70/23.09.13/RP-Karol Bagh/12.09.13/23.09.13 | 1293.00 | 612 WAU | B-527663 | 1 | 1293.00 | English Books |
